| 000 | 01027nam a2200313Ia 4500 | ||
|---|---|---|---|
| 003 | GCL | ||
| 008 | 140319s9999 xx 000 0 ara d | ||
| 040 |
_aGCL / _cGCL |
||
| 082 | 0 | 4 |
_a200.9 _bج م |
| 100 | 1 | _aجميل مدبك | |
| 245 | 1 | 0 |
_aموسوعة الاديان فى العالم / _cجميل مدبك |
| 260 |
_aبيروت : _bEDITORIAL GREDOS ، _c2000 |
||
| 300 |
_aمتعدد ؛ _c24 سم |
||
| 650 | 0 | 4 | _aالاسلام |
| 650 | 0 | 4 | _aالعهد الجديد |
| 650 | 0 | 4 | _aالعبادات |
| 650 | 0 | 4 | _aالفرق الاسلامية |
| 650 | 0 | 4 | _aالدولة الايوبية |
| 650 | 0 | 4 | _aالديانات القديمة |
| 650 | 0 | 4 | _aالكنائس الارثوذكسية |
| 650 | 0 | 4 | _aالدروز |
| 650 | 0 | 4 | _aالفقه الاسلامى - مذاهب |
| 650 | 0 | 4 | _aالمسيحية - تاريخ |
| 650 | 0 | 4 | _aالعلويون |
| 650 | 0 | 4 | _aالكنائس الكاثولوكية |
| 650 | 0 | 4 | _aيوحنا كلفينوس |
| 650 | 0 | 4 | _aالمرأة فى الاسلام |
| 942 |
_2ddc _cBK |
||
| 999 |
_c5508 _d5508 |
||